000 00286nam a2200133Ia 4500
100 _aTabak/Daniel
650 _aMicroprocessors
942 _cBK
245 _aAdvanced Microprocessors
260 _bMcGraw - Hill
_aNew Delhi
_c1995
300 _a523
546 _aENGLISH
999 _c18555
_d18555